00996nam a22002657a 450000500170000002000180001704100080003508200180004310000200006124501530008126000300023430000510026450400490031565000250036465000240038965000200041370000250043370000220045870000180048070000210049870000220051994200120054199900170055395201600057020260504130611.0 a9788131772485 aENG a658.4033bLEV aLevin, David M. aQuantitative techniques for management /cDavid M. Levin, Timothy C. Krehbiel, Mark L. Berenson, Barry Render, Ralph M. Stair, and Michael E. Hanna. aNoida :bPearson ,c2012. axiii, 13.33 pages :billustrations ;c24 cm.  aInclude bibliographical reference and index. aQuantitative methods aBusiness statistics aDecision making aKrehbiel, Timothy C. aBerenson, Mark L. aRender, Barry aStair, Ralph M . aHanna, Michael E. 2ddccBK c24337d24337 00102ddc4070aIPEbIPEcS Campusd2026-05-04eDonated by Prof. S.Satesh kumar (IPE Faculty)l0o658.4033 LEVp51059r2026-05-04 13:07:23w2026-05-04yBK